Vplyv gamažiarenia na mutabilitu samčích gamét japonskej prepelice /Coturnix coturnix japonica/

Podrobná bibliografia
Hlavný autor: Baumgartner, Ján, 1940- (Autor)
Médium: Článok
Jazyk:slovenčina
Fyzický popis:Obr. 1. Tb. 2. Res. rus., angl.
Predmet:

MARC

LEADER 00000nab a2200000 a 4500
001 vtls000014374
003 SK-MaSNL
005 20260304071137.0
008 250422c1978 xo 0 slo
015 |a SNBRB19rr/mm-uuuuu 
035 |a CL0024468 
035 |a urn:nbn:sk:snk-abb76f 
035 |a (urnnbn)urn:nbn:sk:snk:ar-000pvu 
035 |a (uuid)8b54da84-bb19-4630-95d0-ae309cdc0324 
040 |a SNKBUCL  |b slo  |c SNKBUCL  |e AACR2 
041 0 |a slo 
044 |a xo  |c SK 
080 |a 598.2/.9  |2 1981 
080 |a 591.3  |2 1981 
080 |a 577  |2 1981 
100 1 |a Baumgartner, Ján,  |d 1940-  |4 aut  |9 85888 
245 1 0 |a Vplyv gamažiarenia na mutabilitu samčích gamét japonskej prepelice /Coturnix coturnix japonica/  |c Ján Baumgartner 
300 |b Obr. 1. Tb. 2. Res. rus., angl. 
650 0 7 |a prepelica japonská  |2 snkbucl  |9 120362 
650 0 7 |a gaméty samčie  |2 snkbucl  |9 1357928 
655 7 |a články z novín a časopisov  |2 snkbucl  |9 267496 
773 0 |t Biológia  |g Roč. 33, č. 9 (1978), s. 735-745 
850 |a Slovenská národná knižnica 
852 |a Slovenská národná knižnica 
954 |a odborná, vedecká literatúra pôvodná (slovenská)  |2 lita 
958 |a article15 
958 |a RK 
958 |a MI 
958 |a OND 
958 |a EUIPO 
992 |a RBX 
999 |c 2759098  |d 2761028